Formes de pays de A à Z (par images) - Statistiques

Statistiques générales
  • Ce quiz a été pris 206 fois
  • Le résultat moyen est 21 sur 24
Statistiques - réponses
Par images Hint Réponse % Correct
E États-Unis
100%
F France
100%
A Australie
99%
I Inde
98%
J Japon
97%
R Royaume-Uni
97%
C Chine
96%
Y Yémen
93%
G Grèce
92%
M Mexique
92%
B Brésil
91%
P Portugal
91%
Q Qatar
89%
U Ukraine
87%
T Turquie
86%
V Venezuela
85%
N Nouvelle-Zélande
84%
K Kenya
83%
Z Zambie
83%
H Haïti
80%
S Sri Lanka
75%
O Ouzbékistan
72%
L Luxembourg
66%
D Djibouti
65%
Aucun quiz correspondant
Distribution des résultats
% des personnes avec chaque résultat
Percentile par nombre de réponses
Votre historique - résultats
Vous n’avez pas pris ce quiz